000 01043nam a22002537a 4500
005 20170123164151.0
010 _aA-977618
020 _c90.00
_a8187236205
035 _aA-977618
037 _aCen Lib / Ret
040 _aDPL
_bPN
082 _a852
_bਸ਼ਿਆਮ
100 _aਸ਼ਿਆਮ ਲਾਲ ਸੀਮ
_945799
245 _aਇਕ ਸੂਰਜ ਤਿੰਨ ਤਾਰੇ :
_cਐਸ ਐਲ ਸੀਮ
_bਤਿੰਲ ਰਾਮ ਵਿਅੰਗ ਨਾਟਕ /
246 _aIk suraj tin tare : three plays /
_bby S. L. Seem
260 _aਦਿੱਲੀ
_bਗਣਪਭੀ ਪ੍ਰਕਾਸ਼ਨ
_c1999
270 _a4/32 ਸ਼ਭਾਸ਼ ਗਾਲੀ ਵਿਸ਼ਵਾਸ਼ ਨਗਰ ਸ਼ਾਹਦਰਾ
_bਦਿੱਲੀ
_e110032
300 _a103p.
_c24cm(Hb)
650 _aਪੰਜਾਬੀ ਨਾਟਕ
_9128710
650 _aਪੰਜਾਬੀ ਸਾਹਿਤ
_9128711
650 _aPunjabi drama
_9128712
650 _aPunjabi Literature
_9781
942 _2ddc
_cPN
_h852
_mਸ਼ਿਆਮ
999 _c110332
_d110332